000 00656nam a22001937a 4500
005 20251108164241.0
008 250721s1986 xx 000 0 ara d
082 1 4 _a792.0232/ريم
100 1 _aريمز، أوسكار
245 1 0 _aالفكره الإخراجيه و التشكيل الحركي /
264 1 _aدمشق :
_bوزارة الثقافه - المعهد العالي للفنون المسرحيه،
_c1986.
300 _a235ص
650 1 7 _aالمسرح
650 1 7 _aالإنتاج المسرحي
650 1 7 _aالإخراج المسرحي
700 1 _aمحمد، نديم معلا
_eترجمة
942 _2ddc
_cBK
999 _c7459
_d7459